The new humanities reader / (Record no. 48190)

MARC details
000 -LEADER
fixed length control field 00855nam a22002297a 4500
008 - FIXED-LENGTH DATA ELEMENTS--GENERAL INFORMATION
fixed length control field 170127b xxu||||| |||| 00| 0 eng d
020 ## - INTERNATIONAL STANDARD BOOK NUMBER
International Standard Book Number 9780547004822
050 ## - LIBRARY OF CONGRESS CALL NUMBER
Classification number PE1417
Item number .N47 2009
245 ## - TITLE STATEMENT
Title The new humanities reader /
Statement of responsibility, etc [compiled by] Richard E.Miller, Kurt Spellmeyer
250 ## - EDITION STATEMENT
Edition statement 3rd ed
260 ## - PUBLICATION, DISTRIBUTION, ETC. (IMPRINT)
Place of publication, distribution, etc Boston, Mass.:
Name of publisher, distributor, etc Houghton Mifflin Harcourt Pub. Co.,
Date of publication, distribution, etc 2009
300 ## - PHYSICAL DESCRIPTION
Extent xxv, 788 p. ;
Other physical details 24 cm
500 ## - GENERAL NOTE
General note Includes bibliographical references and index
650 ## - SUBJECT ADDED ENTRY--TOPICAL TERM
Topical term or geographic name as entry element College readers
650 ## - SUBJECT ADDED ENTRY--TOPICAL TERM
Topical term or geographic name as entry element English language
General subdivision Rhetoric|vProblems, exercises, etc
650 ## - SUBJECT ADDED ENTRY--TOPICAL TERM
Topical term or geographic name as entry element Report writing
Form subdivision Problems, exercises, etc
650 ## - SUBJECT ADDED ENTRY--TOPICAL TERM
Topical term or geographic name as entry element Humanities
Form subdivision Problems, exercises, etc
650 ## - SUBJECT ADDED ENTRY--TOPICAL TERM
Topical term or geographic name as entry element Culture
Form subdivision Problems, exercises, etc
700 ## - ADDED ENTRY--PERSONAL NAME
Personal name Miller, Richard E.|q(Richard Earl),|d1961-
700 ## - ADDED ENTRY--PERSONAL NAME
Personal name Spellmeyer, Kurt
942 ## - ADDED ENTRY ELEMENTS (KOHA)
Source of classification or shelving scheme Library of Congress Classification
Item type Book
Holdings
Withdrawn status Lost status Source of classification or shelving scheme Damaged status Not for loan Collection code Home library Current library Shelving location Date acquired Source of acquisition Cost, normal purchase price Total Checkouts Full call number Barcode Copy number Price effective from Koha item type
    Library of Congress Classification     Non-fiction Nairobi Campus Nairobi Campus General Circulation 27/01/2017 Donation-BFA 1000.00   PE1417 .N47 2009 049860 1 27/01/2017 Book